=LDR 00000nam 2200000 4500 =001 INLIS000000000047375 =005 20221114071750 =035 ##$$a 0010-101500000000086 =008 221114################g##########0#ind## =100 ##$$a Nanit =245 1#$$a Malaikat Israfil dan aku /$c Bunda Nanit; Editor, Mira Rainayati =260 ##$$a Bandung :$b Pustaka Oasis,$c [s.a] =300 ##$$a 25 Hlm : $b ilus ; $c 23 cm =850 ##$$aNBPNMAT =020 ##$$a 9789790258488 =082 ##$$a 028.5 =084 ##$$a 028.5 NAN m =650 #4$$a Bacaan anak =990 ##$$a 21101656 =990 ##$$a 11101110 =990 ##$$a 21101658 =990 ##$$a 21101656